00423nam a2200133Ia 45000010005000000080041000050200022000460820022000681000040000902450096001302600021002269010027002479990015002742847241024s9999 xx 000 0 und d a978-9945-074-79-6 aRD/972.9303/G643l aMaría Filomena González Canalda 0aLibertad igualdad: Protocolos notariales de José Troncoso y Antonio Abad Solano 1822-1840 bEd. Búhoc2012 a5/4/2013 10:40:37 a.m. c7577d7577